000 01749nam0a2200325 4500
001 RU\NLR\bibl\1278965
005 20260407190613.0
010 _a978-5-94301-060-6
_9500
021 _aRU
_b2008-61757
_93485
035 _a(NLR Aleph) 001264760
090 _a401558
_c401558
100 _a20080929d2008 |||y0rusy50 ca
101 0 _arus
102 _aRU
105 _ay |||||||||
200 1 _aСборник материалов I Всероссийской научно-практической конференции "Психология и педагогика: методика и проблемы практического применения", 25 апреля 2008 г.
_fпод общ. ред. к.э.н. С.С. Чернова
210 _aНовосибирск
_cЦентр развития научного сотрудничества
_cСИБПРИНТ
_d2008
215 _a406 с.
_d21
300 _aВ надзаг.: Центр развития науч. сотрудничества
320 _aБиблиогр. в конце ст.
606 1 _aПедагогика
_jСъезды, совещания и т.п.
_9921924
_3RU\NLR\auth\6619222
606 1 _aПсихология
_jСъезды, совещания и т.п.
_9931820
_3RU\NLR\auth\6624683
686 _aЧ31я431
686 _aЮ93я431
710 1 2 _a"Психология и педагогика: методика и проблемы практического применения", всероссийская научно-практическая конференция
_d1
_f2008
_eНовосибирск
_3RU\NLR\AUTH\8810123410
_9744593
801 0 _aRU
_bNLR
_c20080929
_gRCR
801 1 _aRU
_bNLR
_c20080929
942 _cBOOK
980 _aNB